| 000 | 00994cam a2200193 4500 | ||
|---|---|---|---|
| 001 | X121803 | ||
| 008 | 030331n2003 000 0 eng u | ||
| 035 | _a(Sirsi) u121803 | ||
| 100 | _aCollier, C. | ||
| 245 | _aIn a privileged position | ||
| 260 | _c2003 | ||
| 490 |
_aConstruction Law Bulletin _v March 2003, 18-20(3) |
||
| 520 | _aLooks at legal professional privilege as regards communication. Outlines what is meant by it by dividing it into two types of legal advice privilege and litigation privilege, within the context of the concept of standard disclosure. Isolates 'dominant purpose' test as an illustration of meaning of privilege, but highlights some exceptions, such as in some construction cases where there are so many documents it may be necessary to keep some sensitive documents in a separate file. | ||
| 650 | _aPROFESSIONAL PRIVILEGE | ||
| 650 | _aPRIVILEGE | ||
| 650 | _aLITIGATION | ||
| 690 | _aMANAGEMENT-BUSINESS MANAGEMENT-PROFESSIONAL PRACTICE | ||
| 942 | _n0 | ||
| 999 |
_c72387 _d72387 |
||